| 000 | 00833nam a2200265Ia 4500 | ||
|---|---|---|---|
| 003 | GCL | ||
| 008 | 140319s9999 xx 000 0 ara d | ||
| 040 |
_aGCL / _cGCL |
||
| 082 | 0 | 4 |
_a741.2 _bم م |
| 100 | 1 | _aمحيى الدين طالو | |
| 245 | 1 | 0 |
_aالموسوعة العملية فى الرسم والتلوين / _cمحيى الدين طالو |
| 300 |
_a260 ص ؛ _c24 سم |
||
| 490 | _a | ||
| 650 | 0 | 4 | _aالرسم المنظور |
| 650 | 0 | 4 | _aالرسم |
| 650 | 0 | 4 | _aالتصميم الزخرفى |
| 650 | 0 | 4 | _aالطرق الفنية |
| 650 | 0 | 4 | _aالرسم بالالوان |
| 650 | 0 | 4 | _aرسم الحيوانات |
| 650 | 0 | 4 | _aالرسم بالاحبار |
| 650 | 0 | 4 | _aرسم الاشخاص |
| 650 | 0 | 4 | _aالرسم - تعليم وتدريس |
| 650 | 0 | 4 | _aالرسم - ادوات |
| 942 |
_2ddc _cBK |
||
| 999 |
_c49049 _d49049 |
||